000 00566nam a2200157 a 4500
008 120416s1970 ||||||||||||||||| || u
050 _aQA 402.5 Con
100 _aConverse, A.O
245 1 0 _aOptimization
260 _aNew York
_bHolt, Rinehart and Winston
_c1970
300 _axvi, 295p.:ill
350 _a0.00
650 _aMATHEMATICAL OPTIMIZATION
650 0 _aMATHEMATICS--HANDBOOKS, MANUALS, ETC
995 _D0.00
_FCBU-MAIN LIBRARY (Kitwe)
_H1
_I29.00
_M1
_UAVAILABLE
_ZMain Library Open Access Collection
999 _c52730
_d52730